Felsefe Tarihi (Record no. 1575)

MARC details
000 -BAŞLIK
Sabit Uzunlukta Kontrol Alanı 00736na a2200253 4500
001 - KONTROL NUMARASI
Denetim Alanı 13010
003 - KONTROL NUMARASI IDENTIFIER
Denetim Alanı MIRAKIL
005 - SON İŞLEM TARİHİ VE ZAMANI
Denetim Alanı 20181213154827.0
008 - SABİT-BOY VERİ ELEMANLARI - GENEL BİLGİLER
Sabit Uzunlukta Kontrol Alanı 160804b tu 000 0
035 ## - SİSTEM KONTROL NUMARASI
Sistem Kontrol Numarası 13010
040 ## - KATALOGLAMA KAYNAK
Orijinal Kataloglama Ajansı Milas
Kataloglama Dili tur
Metne Dönüştürmek Ajansı TR-AnCHP
082 ## - DEWEY ONLU SINIFLANDIRMA NUMARASI
Sınıflandırma Numarası 109
Ürün Numarası W31f
090 ## - SINIFLAMA NUMARASI
Sınıflama Numarası 109 W31f 1949
100 ## - ANA GİRİŞ - KİŞİSEL İSİM
Kişisel Ad Weber, Alfred
245 ## - BAŞLIK TABLOSU
Başlık Felsefe Tarihi
Sorumluluk Tablosu, Vb Alfred Weber ; çeviren: H. Vehbi Eralp
250 ## - EDITION TABLOSU
Baskı Beyanı gözd. gçrl. 2. bs
260 ## - YAYIN, DAĞITIM, VB
Yayın, Dağıtım, Vb Yeri İstanbul
Yayıncı, Dağıtıcı, Vs Adı İstanbul Üniversitesi Yayınları
Yayın, Dağıtım, Vb Tarihi 1949
300 ## - FİZİKSEL TANIM
Kapsam XI, 395 s
Boyutlar 23 sm
490 ## - SERİSİ TABLOSU
Seri Beyanı İstanbul Üniversitesi Edebiyat Fakültesi Yayımları
Hacim / Ardışık Tanımı 411
504 ## - KAYNAKÇA VB NOT
Kaynakça Vb Notu Bibliyografya ve dizin var
650 ## - KONU KATMA GİRİŞ - TOPİKAL DÖNEM
Topikal Süreli Veya Coğrafi Ad Giriş Elemanı Felsefe
Genel Alt Bölümü Tarih
700 ## - KATMA GİRİŞ - KİŞİSEL İSİM
Kişisel Ad Eralp, H. Vehbi
942 ## - EKLENDİ GİRİŞ ELEMANLARI (KOHA)
Sınıflandırma Veya Raf Düzeni Kaynak Dewey Decimal Classification
Koha Öğesi Türü Books
999 ## - SİSTEM KONTROL NUMARALARI (KOHA)
Koha Biblionumber 1575
Koha Biblioitemnumber 1575
Holdings
Kalıcı Konum Mevcut Konum Edinme Tarihi Edinim Kaynak Toplam Check-Out'Lar Tam Çağrı Numarası Barkod Tarih Son Görülme İtibaren Geçerli Fiyatlar Koha Öğesi Türü
CHP Kütüphanesi CHP Kütüphanesi 08/04/2016 Bağış   109 W31f 1949 000267 08/04/2016 08/04/2016 Books